00703 2200217 4500001002100000005001500021035002000036007000300056008004100059082002900100084003500129100002300164245007600187260006900263300002600332650001500358650003000373520002400403856003400427990002400461INLIS00000000000830020260428105933 a0010-0426000149ta260428 0 ind  a631.16 : 631.18 (594.59) a631.16 : 631.18 (594.59) PRA p0 aPRATOMO, Gamal AL.1 aPenumbuhan Dan Model Pengelolaan Taman Teknologi Pertanian (TTP) Gresik aMalang :bBalai Pengkajian Teknologi Pertanian Jawa Timur,c2017 a44p. :bIlus ;c29 cm 4aPenumbuhan 4aTaman Teknologi Pertanian aLaporan Akhir Tahun aPerpustakaan BBRMP Jawa Timur a441/2026/BBRMPJATIM